000 01053nam0a22002531 4500
001 rc\1042380
005 20041129103411.6
035 _a(NLR Aleph) 006204807
090 _a6305589
_c6305589
100 _a20041129d1981 u |0rusy50 ca
101 0 _arus
102 _aRU
105 _aa |||||||||
200 1 _aКинетика фотоиндуцированного протонного транспорта в бактериородопсине
_eФиз. модель
_fЧернавский Д.С., Дюмаев А.К., Савранский В.В. и др.
210 _aМ.
_cФИАН
_d1981
215 _a[1], 26 с.
_cил.
_d20
225 1 _aПрепринт
_fАН СССР, Физ. ин-т им. П.Н. Лебедева. Отд. теорет. физики
_v№ 163
_iФизика твердого тела
320 _aБиблиогр.: с. 20-22
701 1 _aЧернавский
_bД. С.
_gДмитрий Сергеевич
801 0 _aRU
_bNLR
_gpsbo
801 1 _aRU
_bELAR
_2rusmarc
852 _aNLR
_j81-4/31906
942 _cBOOK
980 _aNB